Design for sustainable development: practical examples of SMEs

Gardado en:
Detalles Bibliográficos
Autor Corporativo: European Foundation
Formato: Texto
Publicado: Dublin: European Foundation
Etiquetas: Engadir etiqueta
Sen Etiquetas, Sexa o primeiro en etiquetar este rexistro!

MARC

LEADER 00000 a a2200000 04500
001 22766
003
040
090 |a 155800  
110 |a European Foundation  
245 |a Design for sustainable development: practical examples of SMEs  
260 |a Dublin:   |b European Foundation  
300 |a 102 p  
999 |c 11708  |d 11708